000
00293nam a22001337a 4500
008
170508b xxu||||| |||| 00| 0 eng d
020
_a
9780024185303
041
_a
eng
080
_a
342
100
_a
14
101
_a
SHJ
245
_a
POLICE ADMINISTRATION
_c
SWANSON.CH
942
_2
udc
_c
BK
999
_c
12976
_d
12976